| 000 | 00452cam a2200205ua 4500 | ||
|---|---|---|---|
| 020 | _c15.00 | ||
| 041 |
_amal _h |
||
| 082 |
_a894.8121 _bMAN/KRI |
||
| 100 | _aManavedakavi, . | ||
| 245 | _aKrishnanattam | ||
| 250 |
_a1 / _b. |
||
| 260 |
_aKakasery : _bP. C. Vasudevanelayath , _c1965. |
||
| 300 | _a620 ; . | ||
| 365 | _a15.00 | ||
| 504 | _a | ||
| 650 | _aKrishnageethi | ||
| 942 | _cBK | ||
| 999 |
_c609 _d609 |
||